La Economía Solidaria en Antioquia : (Registro nro. 7819)
[ vista simple ]
| 000 -LEADER | |
|---|---|
| fixed length control field | 02178nam a2200253Ia 4500 |
| 003 - CONTROL NUMBER IDENTIFIER | |
| control field | OSt |
| 005 - DATE AND TIME OF LATEST TRANSACTION | |
| control field | 20210504114253.0 |
| 008 - FIXED-LENGTH DATA ELEMENTS--GENERAL INFORMATION | |
| fixed length control field | 210310s2005 ck ad gr 000 0dspa d |
| 020 ## - INTERNATIONAL STANDARD BOOK NUMBER | |
| International Standard Book Number | 9583369845 |
| 040 ## - CATALOGING SOURCE | |
| Original cataloging agency | CO-JMCR |
| Transcribing agency | CO-JMCR |
| 041 0# - LANGUAGE CODE | |
| Language code of text/sound track or separate title | spa |
| 082 04 - DEWEY DECIMAL CLASSIFICATION NUMBER | |
| Classification number | 334.86126 / |
| Item number | A716e |
| Edition number | 23 |
| 100 1# - MAIN ENTRY--PERSONAL NAME | |
| Personal name | Arboleda Álvarez, Olga Lucía, |
| 9 (RLIN) | 15543 |
| Relator term | autora |
| 245 13 - TITLE STATEMENT | |
| Title | La Economía Solidaria en Antioquia : |
| Remainder of title | estado de arte 1960-2003 / |
| Statement of responsibility, etc. | Olga Lucía Arboleda Álvarez, Hernando Emilio Zabala Salazar |
| 260 ## - PUBLICATION, DISTRIBUTION, ETC. | |
| Place of publication, distribution, etc. | Medellín : |
| Name of publisher, distributor, etc. | Fondo Editorial FUNLAM, |
| Date of publication, distribution, etc. | 2005 |
| 300 ## - PHYSICAL DESCRIPTION | |
| Extent | 207 páginas : |
| Other physical details | ilustraciones y gráficas a blanco y negro ; |
| Dimensions | 23 cm. |
| 500 ## - GENERAL NOTE | |
| General note | Incluye notas a pie de página y datos biográficos de los autores. |
| 504 ## - BIBLIOGRAPHY, ETC. NOTE | |
| Bibliography, etc. note | Bibliografía: páginas 201-203 |
| 505 0# - FORMATTED CONTENTS NOTE | |
| Formatted contents note | Memoria metodológica -- Caracterización de la economía solidaria desde ámbitos temáticos identificados en fuentes documentales escritas -- Clasificación, análisis estadístico e interpretación de fuentes documentales escritas sobre economía solidaria en Antioquia -- Inventario de fuentes documentales analizadas |
| 520 3# - SUMMARY, ETC. | |
| Summary, etc. | Este texto, resultado de una revisión documental exhaustiva sobre la producción investigativa, teórica y metodológica existente sobre la economía solidaria en Antioquia, recupera sistemática y reflexivamente los aportes realizados en este campo. Por lo tanto, se presenta un diagnóstico acerca de los logros y vacíos en el estado actual del conocimiento y se proponen líneas y ámbitos que desde la investigación aporten a su desarrollo.<br/>Queda el convencimiento que la realización de este estudio contribuye al fortalecimiento del trabajo tanto en los escenarios académicos como organizacionales, especialmente en los del sector de la economía solidaria, ya que sus resultados se convierten en direccionadores de procesos investigativos y formaticos y en orientadores para la formulación de políticas y la dinamización de proceso autogestionarios y participativos exitosos. |
| 650 14 - SUBJECT ADDED ENTRY--TOPICAL TERM | |
| Topical term or geographic name entry element | Economía solidaria |
| 9 (RLIN) | 15545 |
| General subdivision | Investigaciones |
| Geographic subdivision | Antioquia (Colombia) |
| 700 1# - ADDED ENTRY--PERSONAL NAME | |
| Personal name | Zabala Salazar, Hernando Emilio, |
| Relator term | autor |
| 9 (RLIN) | 37404 |
| 942 ## - ADDED ENTRY ELEMENTS (KOHA) | |
| Source of classification or shelving scheme | Dewey Decimal Classification |
| Koha item type | Books |
| Withdrawn status | Lost status | Source of classification or shelving scheme | Damaged status | Not for loan | Collection code | Home library | Current library | Date acquired | Source of acquisition | Full call number | Barcode | Date last seen | Copy number | Koha item type |
|---|---|---|---|---|---|---|---|---|---|---|---|---|---|---|
| Dewey Decimal Classification | Non-fiction | Biblioteca Pública José María del Castillo y Rada | Biblioteca Pública José María del Castillo y Rada | 04/15/2018 | Donación | 334.86126 / A716e | 430003746 | 05/16/2024 | Ej.1 | Books |